Načítá se...

A STUDY ON THE ADMINISTRATIVE PATTERN OF UNIVERSITIES IN KERALA Need for Higher Excellence

Podrobná bibliografie
Hlavní autor: Venugopalan K
Médium: Electronic Thesis
Jazyk:English
Témata:
On-line přístup:http://hdl.handle.net/10603/215141
LEADER 00576nam a2200169Ia 4500
001 217048
008 190202t ii ||||fom||| 00| 0 eng d
100 |a Venugopalan K 
245 2 |a A STUDY ON THE ADMINISTRATIVE PATTERN OF UNIVERSITIES IN KERALA Need for Higher Excellence 
502 |a Thesis (Ph. D.) -- Department of Commerce and Management Studies, University of Calicut, 
546 |a English 
653 |a Administrative pattern 
653 |a Administrative pattern 
796 |a Sarada A K 
856 |u http://hdl.handle.net/10603/215141 
952 |a ON  |c ETD  |y ETD 
999 |c etd217048